Kapitan Bomba-Postacie i Inne - Statystyki

Ogólne statystyki
  • Ten quiz został rozwiązany 980 razy
  • Średni wynik to 17 z 27
Statystyki odpowiedzi
Opis Odpowiedź % Poprawnych
Główny bohater Tytus Bomba
96%
Główny antogonista, władca kosmitów Sułtan Kosmitów
91%
Pierwszy członek załogi kapitana Bomby Janusz Sram
86%
Nazwisko przeciwnika kapitana Bomby w gwiezdnej flocie Torpeda
83%
Nazwa statku załogi kapitana Bomby (wraz z numerem) Orzeł 1
77%
Właściciel Galak-Pizzy Domino Jachaś
75%
Oraz ten drugi Sebastian Bąk
75%
Kosmita sprzymierzony Michał Głuś
74%
Towarzysz Bomby, odprawia egzorcyzmy Ojciec Pijo
74%
Główna broń kosmitów Dzida laserowa
71%
Kiedyś człowiek, teraz cyborg Mkbewe
69%
Ojciec głównego protagonisty Generał Lufa
68%
Brat kapitana Bomby Modest Bomba
68%
Kosmita budowlaniec Bogusław Łęcina
66%
Typowy hejter, molestuje go ojciec Marik
65%
Uderzył w góre lodową Tytanis
64%
Żona kapitana Bomby Andżela
61%
Gdzie służą ludzie, nazwa instytucji Gwiezdna Flota
60%
Klub piłkarski RKS CHUWDU
60%
Mistrz Kapitana Bomby, zawody w kutarata/hudo Kutang Pan
55%
Syn głównego antagonisty Michał Parchaś
54%
Nazwa kurortu wypoczynkowego Bekas
51%
Kandydant podczas wyborów, miał na niego głosować Bomba Generał Kuj
49%
Miał walczyć z armią sułtana kosmitów, okazał się aktorem Laserowy Generał
38%
Mieszkają za granicą kosmosu Bengalowie
33%
Porwał żone kapitana bomby Pan Kleks
29%
Miejsce gdzie rządzi papież, nazwa bydynku Betonowa forteca
14%
Nie znaleziono quizów pasujących do podanych kryteriów
Rozkład punktacji
Procent ludzi z każdym wynikiem
Percentyl według liczby udzielonych odpowiedzi
Twoja historia wyników
Nie rozwiązałeś tego quizu